[Event "BCF-chT4 2223 (4NCL)"]
[Site "England"]
[Date "2023.05.01"]
[Round "11.35"]
[White "Grey, Nicholas D"]
[Black "Drugan, Mark A"]
[Result "0-1"]
[WhiteElo "1719"]
[BlackElo "1706"]
[PlyCount "80"]
[EventDate "2022.11.05"]
[EventType "team-swiss"]
[EventRounds "11"]
[EventCountry "ENG"]
[SourceTitle "EXT 2024"]
[Source "ChessBase"]
[SourceDate "2023.10.10"]
[SourceVersion "1"]
[SourceVersionDate "2023.10.10"]
[SourceQuality "1"]
[WhiteTeam "Kingston II"]
[BlackTeam "MASCeteers"]
[WhiteTeamCountry "ENG"]
[BlackTeamCountry "ENG"]

1. e4 e5 2. Nf3 Nc6 3. Bb5 a6 4. Bxc6 dxc6 5. d4 exd4 6. Qxd4 Qxd4 7. Nxd4 Bc5 8. Be3 Ne7 9. Nd2 Bd6 10. 0-0-0 Ng6 11. Rde1 0-0 12. g3 f5 13. f4 fxe4 14. Nxe4 Re8 15. Bd2 Bd7 16. f5 Ne5 17. Rhf1 c5 18. Nb3 Bb5 19. Rf2 Ng4 20. Rf4 Bxf4 21. Bxf4 Nf2 22. Nbxc5 Nxe4 23. Ne6 Nd6 24. g4 Bc4 25. Re3 Bxe6 26. fxe6 Rad8 27. b3 h6 28. c4 b5 29. e7 Rd7 30. c5 Nc8 31. g5 Rdxe7 32. Rxe7 Rxe7 33. gxh6 gxh6 34. Bxh6 b4 35. Bd2 a5 36. Bf4 c6 37. Kd2 Re4 38. Bg3 Ne7 39. Kd3 Re6 40. Kd2 Nd5 0-1

[Event "BCF-chT4 2223 (4NCL)"]
[Site "England"]
[Date "2022.11.06"]
[Round "2.64"]
[White "Mohan, Meghana"]
[Black "Grey, Nicholas D"]
[Result "1-0"]
[WhiteElo "1515"]
[BlackElo "1719"]
[PlyCount "93"]
[EventDate "2022.11.05"]
[EventType "team-swiss"]
[EventRounds "11"]
[EventCountry "ENG"]
[SourceTitle "EXT 2024"]
[Source "ChessBase"]
[SourceDate "2023.10.10"]
[SourceVersion "1"]
[SourceVersionDate "2023.10.10"]
[SourceQuality "1"]
[WhiteTeam "She Plays To Win Uni"]
[BlackTeam "Kingston II"]
[WhiteTeamCountry "ENG"]
[BlackTeamCountry "ENG"]

1. d4 Nf6 2. c4 c5 3. d5 b5 4. e3 Bb7 5. Nf3 g6 6. a3 Bg7 7. Nc3 a6 8. Bd3 d6 9. 0-0 0-0 10. e4 Nbd7 11. Re1 Ng4 12. h3 Nge5 13. Nxe5 Nxe5 14. cxb5 Nxd3 15. Qxd3 axb5 16. Qxb5 Ba6 17. Qb3 Qa5 18. Bd2 Rfb8 19. Qc2 Qd8 20. Bf4 Bc8 21. e5 Bf5 22. Qc1 Rb6 23. e6 fxe6 24. dxe6 d5 25. Bh6 Bf6 26. Qd1 Bxe6 27. Na4 Bf7 28. Nxb6 Qxb6 29. Rb1 e5 30. Qd2 e4 31. b4 c4 32. Bg5 Bg7 33. Be7 Rxa3 34. Qf4 Ra8 35. Bc5 Qd8 36. f3 g5 37. Qe3 Bg6 38. fxe4 Bxe4 39. Rbc1 c3 40. Bd4 Ra2 41. Bxg7 Kxg7 42. Re2 Rxe2 43. Qxe2 Qb6+ 44. Kh1 Qxb4 45. Qe3 c2 46. Qxg5+ Bg6 47. Rxc2 1-0

[Event "London Classic op 11th"]
[Site "London"]
[Date "2019.12.06"]
[Round "9"]
[White "Mata, Adilson"]
[Black "Grey, Nicholas D"]
[Result "1-0"]
[WhiteElo "1928"]
[BlackElo "1692"]
[PlyCount "57"]
[EventDate "2019.11.29"]
[EventType "swiss"]
[EventRounds "9"]
[EventCountry "ENG"]
[SourceTitle "CBM 193 Extra"]
[Source "ChessBase"]
[SourceDate "2020.01.31"]
[SourceVersion "1"]
[SourceVersionDate "2020.01.31"]
[SourceQuality "1"]

1. e4 d6 2. d4 Nf6 3. Nc3 g6 4. Bg5 Nbd7 5. Qd2 h6 6. Bh4 c6 7. f4 Qa5 8. e5 dxe5 9. fxe5 Nd5 10. e6 N7f6 11. exf7+ Kxf7 12. Nf3 Bf5 13. Ne5+ Kg7 14. Bd3 e6 15. a3 Nxc3 16. Bxf6+ Kxf6 17. 0-0 Bd6 18. g4 Bxe5 19. dxe5+ Ke7 20. gxf5 gxf5 21. Qxc3 Rhg8+ 22. Kf2 Qd5 23. Rg1 Rg4 24. Rxg4 fxg4 25. Be2 Rf8+ 26. Kg1 Rf4 27. Rd1 Qe4 28. Qc5+ Ke8 29. Bd3 1-0

[Event "London Classic op 11th"]
[Site "London"]
[Date "2019.12.01"]
[Round "4"]
[White "Grey, Nicholas D"]
[Black "Millward, Kevin P"]
[Result "1-0"]
[WhiteElo "1692"]
[BlackElo "1967"]
[PlyCount "105"]
[EventDate "2019.11.29"]
[EventType "swiss"]
[EventRounds "9"]
[EventCountry "ENG"]
[SourceTitle "CBM 193 Extra"]
[Source "ChessBase"]
[SourceDate "2020.01.31"]
[SourceVersion "1"]
[SourceVersionDate "2020.01.31"]
[SourceQuality "1"]

1. e4 d6 2. d4 Nf6 3. Nc3 e5 4. Nf3 Nc6 5. dxe5 Nxe5 6. Nxe5 dxe5 7. Qxd8+ Kxd8 8. Bc4 Be6 9. Bxe6 fxe6 10. Be3 c6 11. 0-0-0+ Kc7 12. f3 Bb4 13. Ne2 b5 14. c3 Be7 15. Kc2 a6 16. Nc1 Nd7 17. Nd3 Rhf8 18. Rd2 Rad8 19. Rhd1 a5 20. f4 exf4 21. Nxf4 Rf6 22. e5 Rh6 23. h3 Nxe5 24. Rxd8 Bxd8 25. Bc5 Nf7 26. Bf8 Rf6 27. g3 g5 28. Nd3 Rf3 29. Nc5 Rf2+ 30. Kc1 Kb6 31. Nxe6 Re2 32. Bc5+ Ka6 33. Nxd8 Ne5 34. Rd2 Re1+ 35. Kc2 Nc4 36. Rd7 b4 37. cxb4 axb4 38. Bxb4 Rg1 39. Rxh7 Rxg3 40. Bc3 Kb6 41. Rb7+ Ka6 42. Rh7 Ne3+ 43. Kb3 c5 44. Rh6+ Ka7 45. Nc6+ Kb7 46. Ne5 Nd5 47. Rh7+ Kb6 48. Rh6+ Kb7 49. Kc4 Nf4 50. Kxc5 Nxh3 51. Rh7+ Kc8 52. Kc6 Kd8 53. Bb4 1-0

[Event "London Chess Classic op 10th"]
[Site "London"]
[Date "2018.12.13"]
[Round "5"]
[White "Du Toit, Sune"]
[Black "Grey, Nicholas D"]
[Result "1-0"]
[WhiteElo "1705"]
[BlackElo "1724"]
[PlyCount "53"]
[EventDate "2018.12.09"]
[EventType "swiss"]
[EventRounds "5"]
[EventCountry "ENG"]
[SourceTitle "EXT 2021"]
[Source "ChessBase"]
[SourceDate "2020.10.23"]
[SourceVersion "1"]
[SourceVersionDate "2020.10.23"]
[SourceQuality "1"]

1. e4 d6 2. d4 Nf6 3. Nc3 g6 4. f4 Bg7 5. Nf3 c5 6. Be3 cxd4 7. Nxd4 0-0 8. Be2 Nc6 9. Nb3 a5 10. a4 Be6 11. Nd4 Nxd4 12. Bxd4 Rc8 13. 0-0 Bc4 14. Bxc4 Rxc4 15. Qd3 Qc8 16. Bb6 Qc6 17. Bxa5 Rc8 18. Kh1 b6 19. e5 dxe5 20. fxe5 bxa5 21. exf6 Bxf6 22. Nd5 Rxc2 23. Rxf6 Qc5 24. Rff1 Rxb2 25. Qf3 f6 26. Rae1 Rb7 27. Nxf6+ 1-0

[Event "London Chess Classic op 10th"]
[Site "London"]
[Date "2018.12.12"]
[Round "4"]
[White "Grey, Nicholas D"]
[Black "Mozaffari, Mohammad Hossein"]
[Result "1-0"]
[WhiteElo "1724"]
[BlackElo "1615"]
[PlyCount "55"]
[EventDate "2018.12.09"]
[EventType "swiss"]
[EventRounds "5"]
[EventCountry "ENG"]
[SourceTitle "EXT 2021"]
[Source "ChessBase"]
[SourceDate "2020.10.23"]
[SourceVersion "1"]
[SourceVersionDate "2020.10.23"]
[SourceQuality "1"]

1. e4 e5 2. Nf3 Nc6 3. Bb5 Nf6 4. 0-0 Nxe4 5. Re1 Nd6 6. Bxc6 dxc6 7. Nxe5 Be7 8. d4 Be6 9. Nd2 0-0 10. Ndf3 Nf5 11. c3 h6 12. b3 c5 13. Bb2 cxd4 14. cxd4 Qd5 15. Rc1 Rac8 16. Nd3 Bd6 17. Nc5 Rfe8 18. Ne4 Bf8 19. Ne5 Red8 20. Ng4 Be7 21. Rc5 Bxc5 22. Nef6+ gxf6 23. Nxf6+ Kh8 24. Nxd5 Rxd5 25. dxc5+ Kh7 26. Qc2 Kg8 27. Qc3 Kf8 28. Qh8+ 1-0

[Event "London Chess Classic op 10th"]
[Site "London"]
[Date "2018.12.11"]
[Round "3"]
[White "Horlock, Peter J"]
[Black "Grey, Nicholas D"]
[Result "0-1"]
[WhiteElo "1578"]
[BlackElo "1724"]
[PlyCount "58"]
[EventDate "2018.12.09"]
[EventType "swiss"]
[EventRounds "5"]
[EventCountry "ENG"]
[SourceTitle "EXT 2021"]
[Source "ChessBase"]
[SourceDate "2020.10.23"]
[SourceVersion "1"]
[SourceVersionDate "2020.10.23"]
[SourceQuality "1"]

1. e4 d6 2. d4 Nf6 3. Nc3 g6 4. Nf3 Bg7 5. h3 c6 6. Be3 0-0 7. Qd2 b5 8. a3 Bb7 9. Bd3 a6 10. Bh6 c5 11. Bxg7 Kxg7 12. dxc5 dxc5 13. e5 Ng8 14. Qe3 Bxf3 15. Qxf3 Nd7 16. Qg3 e6 17. Be4 Ra7 18. Rd1 Qe7 19. f4 f5 20. Bf3 Rd8 21. h4 Nf8 22. h5 Rxd1+ 23. Nxd1 Qe8 24. hxg6 Nxg6 25. Qh3 Kf8 26. Qg3 Rg7 27. Bh5 Qd8 28. Qb3 Nxf4 29. Bf3 Qd4 0-1

[Event "BCF-chT3Sd 1516 (4NCL)"]
[Site "England"]
[Date "2016.05.02"]
[Round "11.99"]
[White "Grey, Nicholas D"]
[Black "Ressel, Eva"]
[Result "1-0"]
[WhiteElo "1737"]
[BlackElo "1611"]
[PlyCount "31"]
[EventDate "2016.03.20"]
[EventType "team-swiss"]
[EventRounds "11"]
[EventCountry "ENG"]
[SourceTitle "EXT 2017"]
[Source "ChessBase"]
[SourceDate "2016.10.25"]
[SourceVersion "1"]
[SourceVersionDate "2016.10.25"]
[SourceQuality "1"]
[WhiteTeam "CSC Rhinos II"]
[BlackTeam "The Rookies"]
[WhiteTeamCountry "ENG"]
[BlackTeamCountry "ENG"]

1. e4 e5 2. Nf3 Nc6 3. d4 exd4 4. Bc4 Nf6 5. 0-0 Nxe4 6. Re1 d5 7. Bxd5 Qxd5 8. Nc3 Qd8 9. Rxe4+ Be7 10. Nxd4 0-0 11. Nxc6 bxc6 12. Rd4 Bd6 13. Ne4 Re8 14. Be3 Re6 15. Bf4 Ba6 16. Nc5 1-0

[Event "BCF-chT3 1415 (4NCL)"]
[Site "England"]
[Date "2015.05.03"]
[Round "10.20"]
[White "Price, Andrew"]
[Black "Grey, Nicholas D"]
[Result "1/2-1/2"]
[WhiteElo "1829"]
[BlackElo "1775"]
[PlyCount "68"]
[EventDate "2015.03.21"]
[EventType "team-swiss"]
[EventRounds "11"]
[EventCountry "ENG"]
[SourceTitle "EXT 2016"]
[Source "ChessBase"]
[SourceDate "2015.10.08"]
[SourceVersion "1"]
[SourceVersionDate "2015.10.08"]
[SourceQuality "1"]
[WhiteTeam "Banbury Bulldogs"]
[BlackTeam "BCM Hippos III"]
[WhiteTeamCountry "ENG"]
[BlackTeamCountry "ENG"]

1. e4 d6 2. Nf3 Nf6 3. Nc3 c5 4. d4 cxd4 5. Nxd4 g6 6. Be3 Bg7 7. f3 Nc6 8. Qd2 0-0 9. Be2 Nxd4 10. Bxd4 Be6 11. g4 Qa5 12. h4 Rac8 13. h5 Bxg4 14. fxg4 Nxe4 15. Nxe4 Qxd2+ 16. Kxd2 Bxd4 17. c3 Be5 18. Raf1 d5 19. Ng5 h6 20. Nf3 Bf4+ 21. Kc2 e5 22. Nh4 Kg7 23. Bd3 Rc6 24. Ng2 Bg5 25. hxg6 fxg6 26. Rxf8 Kxf8 27. Rf1+ Kg7 28. Bb5 Rc7 29. Ne1 a6 30. Be2 e4 31. Kd1 d4 32. c4 b5 33. b3 d3 34. Nxd3 exd3 1/2-1/2

[Event "BCF-chT3 1415 (4NCL)"]
[Site "England"]
[Date "2015.05.02"]
[Round "9.32"]
[White "Lewis, Tim"]
[Black "Grey, Nicholas D"]
[Result "1-0"]
[WhiteElo "1600"]
[BlackElo "1775"]
[PlyCount "31"]
[EventDate "2015.03.21"]
[EventType "team-swiss"]
[EventRounds "11"]
[EventCountry "ENG"]
[SourceTitle "EXT 2016"]
[Source "ChessBase"]
[SourceDate "2015.10.08"]
[SourceVersion "1"]
[SourceVersionDate "2015.10.08"]
[SourceQuality "1"]
[WhiteTeam "Barnet Knights II"]
[BlackTeam "BCM Hippos III"]
[WhiteTeamCountry "ENG"]
[BlackTeamCountry "ENG"]

1. e4 c5 2. Nc3 Nc6 3. Bb5 g6 4. Bxc6 dxc6 5. f4 Nf6 6. Nf3 Bg7 7. d3 0-0 8. 0-0 Bg4 9. h3 Bd7 10. Qe1 Qc8 11. Qh4 b5 12. f5 Re8 13. fxg6 fxg6 14. Bh6 Rf8 15. Ng5 Qc7 16. Bxg7 1-0

[Event "BCF-chT3 1415 (4NCL)"]
[Site "England"]
[Date "2015.03.22"]
[Round "8.73"]
[White "Faizi, Tariq"]
[Black "Grey, Nicholas D"]
[Result "0-1"]
[WhiteElo "1435"]
[BlackElo "1775"]
[PlyCount "48"]
[EventDate "2015.03.21"]
[EventType "team-swiss"]
[EventRounds "11"]
[EventCountry "ENG"]
[SourceTitle "EXT 2016"]
[Source "ChessBase"]
[SourceDate "2015.10.08"]
[SourceVersion "1"]
[SourceVersionDate "2015.10.08"]
[SourceQuality "1"]
[WhiteTeam "The Pitstop"]
[BlackTeam "BCM Hippos III"]
[WhiteTeamCountry "ENG"]
[BlackTeamCountry "ENG"]

1. c4 e5 2. d3 f5 3. Nc3 Nf6 4. e3 d6 5. Be2 c6 6. e4 Be7 7. Qc2 Na6 8. a3 0-0 9. Nf3 Qe8 10. 0-0 Nc5 11. b4 fxe4 12. dxe4 Ne6 13. Bd3 Nh5 14. Ne2 Qg6 15. Ng3 Rxf3 16. gxf3 Nd4 17. Qd1 Bh3 18. Re1 Bh4 19. Bf1 Bxf1 20. Rxf1 Rf8 21. Kh1 Rxf3 22. Nxh5 Qxe4 23. Ng3 Bxg3 24. hxg3 Rxg3+ 0-1

[Event "BCF-chT3S 1415 (4NCL)"]
[Site "England"]
[Date "2015.01.10"]
[Round "3.99"]
[White "Grey, Nicholas D"]
[Black "Rosen, Daniel B"]
[Result "0-1"]
[WhiteElo "1775"]
[BlackElo "2073"]
[PlyCount "64"]
[EventDate "2014.11.15"]
[EventType "team-swiss"]
[EventRounds "6"]
[EventCountry "ENG"]
[SourceTitle "EXT 2016"]
[Source "ChessBase"]
[SourceDate "2015.10.08"]
[SourceVersion "1"]
[SourceVersionDate "2015.10.08"]
[SourceQuality "1"]
[WhiteTeam "BCM Rhinos II"]
[BlackTeam "Poisoned Pawns"]
[WhiteTeamCountry "ENG"]
[BlackTeamCountry "ENG"]

1. e4 d6 2. d4 g6 3. Nc3 Bg7 4. Be3 c6 5. Nf3 Bg4 6. Qd2 Bxf3 7. gxf3 Nd7 8. 0-0-0 Qa5 9. h4 Ngf6 10. Bh6 Bxh6 11. Qxh6 0-0-0 12. Bh3 Kb8 13. Rhe1 Nb6 14. Bf1 Qh5 15. Qxh5 Nxh5 16. b4 e5 17. d5 cxd5 18. Nxd5 Nxd5 19. Rxd5 Nf4 20. Rd2 f6 21. Red1 Kc7 22. Kb2 g5 23. hxg5 fxg5 24. Bc4 h6 25. Rh1 Rdf8 26. Rdd1 Ng6 27. Rh3 Rf4 28. Rg1 Rh4 29. Bf1 Rf8 30. Rgg3 Rff4 31. Bc4 Rxh3 32. Rxh3 Rh4 0-1

[Event "London Classic op 6th"]
[Site "London"]
[Date "2014.12.09"]
[Round "2"]
[White "Grey, Nicholas D"]
[Black "Sharma, Amit"]
[Result "0-1"]
[WhiteElo "1766"]
[BlackElo "2006"]
[PlyCount "86"]
[EventDate "2014.12.08"]
[EventType "swiss"]
[EventRounds "9"]
[EventCountry "ENG"]
[SourceTitle "CBM 163 Extra"]
[Source "ChessBase"]
[SourceDate "2014.12.23"]
[SourceVersion "1"]
[SourceVersionDate "2014.12.23"]
[SourceQuality "1"]

1. e4 c6 2. d4 d5 3. exd5 cxd5 4. c4 Nf6 5. Nc3 g6 6. cxd5 Bg7 7. Be2 Nxd5 8. Bf3 Nb6 9. Nge2 0-0 10. 0-0 Nc6 11. Re1 Re8 12. a4 Nc4 13. Bd5 Nb6 14. Bf3 a6 15. Bg5 h6 16. Be3 Nc4 17. Bd5 Nxe3 18. fxe3 e6 19. Bf3 Qg5 20. Ng3 Qd8 21. Nce2 Ne7 22. Rc1 h5 23. Nc3 h4 24. Nge4 Nd5 25. Nf2 Bh6 26. Ng4 Bg5 27. Ne4 Be7 28. Ne5 Kg7 29. Nc5 Bg5 30. e4 Bxc1 31. Qxc1 Ne7 32. Qe3 b6 33. Ncd3 Bb7 34. Ng4 Ng8 35. Nc1 Rc8 36. Nd3 Rc4 37. e5 Bxf3 38. Qxf3 Qxd4+ 39. Ngf2 Rec8 40. b3 Rc2 41. Rf1 R8c3 42. Qd1 Nh6 43. h3 Nf5 0-1

[Event "London Classic op 6th"]
[Site "London"]
[Date "2014.12.08"]
[Round "1"]
[White "Osborne, Marcus E"]
[Black "Grey, Nicholas D"]
[Result "1-0"]
[WhiteElo "2176"]
[BlackElo "1766"]
[PlyCount "63"]
[EventDate "2014.12.08"]
[EventType "swiss"]
[EventRounds "9"]
[EventCountry "ENG"]
[SourceTitle "CBM 163 Extra"]
[Source "ChessBase"]
[SourceDate "2014.12.23"]
[SourceVersion "1"]
[SourceVersionDate "2014.12.23"]
[SourceQuality "1"]

1. d4 Nf6 2. Nf3 c5 3. d5 d6 4. Nc3 g6 5. e4 Bg7 6. Be2 0-0 7. 0-0 Na6 8. h3 Nc7 9. a4 a6 10. Re1 e6 11. dxe6 Nxe6 12. Be3 b6 13. Bc4 Re8 14. Ng5 Bb7 15. Nxe6 fxe6 16. Bf4 d5 17. exd5 exd5 18. Rxe8+ Qxe8 19. Nxd5 Kh8 20. Nxf6 Bxf6 21. Qd6 Bd4 22. Rd1 Qe4 23. Bf1 Re8 24. Bg5 Qf5 25. Rxd4 Qxg5 26. Rf4 Qd8 27. Rf6 Be4 28. Qxb6 Bxc2 29. Qxa6 Re1 30. Rd6 Qb8 31. Rd7 Qf8 32. Qa5 1-0

[Event "Coulsdon Jessie Gilbert 6th"]
[Site "Coulsdon"]
[Date "2013.08.23"]
[Round "9"]
[White "Way, Julian M"]
[Black "Grey, Nicholas D"]
[Result "1-0"]
[WhiteElo "1986"]
[BlackElo "1784"]
[PlyCount "87"]
[EventDate "2013.08.17"]
[EventType "swiss"]
[EventRounds "11"]
[EventCountry "ENG"]
[SourceTitle "CBM 156 Extra"]
[Source "ChessBase"]
[SourceDate "2013.10.22"]
[SourceVersion "1"]
[SourceVersionDate "2013.10.22"]
[SourceQuality "1"]

1. c4 e5 2. Nc3 Bb4 3. g3 Ne7 4. Bg2 0-0 5. Nf3 Nbc6 6. 0-0 d6 7. Ne1 Bxc3 8. bxc3 Be6 9. d3 Qd7 10. Rb1 Rab8 11. Nc2 Bh3 12. Ne3 Bxg2 13. Kxg2 Nd8 14. d4 f6 15. f3 Nf7 16. Qb3 Rfe8 17. Rb2 Nf5 18. Nxf5 Qxf5 19. e4 Qd7 20. Rd1 Kh8 21. Be3 Ng5 22. Bxg5 fxg5 23. c5 dxc5 24. dxe5 Qe7 25. e6 b6 26. Rd7 Qxe6 27. Qxe6 Rxe6 28. Rxc7 a6 29. Rxc5 h6 30. Rc7 Rbe8 31. g4 Rd8 32. a4 Rd3 33. Rb7 b5 34. axb5 axb5 35. Rc7 Rf6 36. Rf2 Re3 37. Rc5 Ra6 38. h3 Ra1 39. Rc2 Ree1 40. Kf2 Rad1 41. Rxb5 Rf1+ 42. Ke3 Rfe1+ 43. Re2 Rh1 44. e5 1-0

[Event "Coulsdon Jessie Gilbert"]
[Site "Coulsdon"]
[Date "2008.08.25"]
[Round "10"]
[White "Paulmichl, Martin"]
[Black "Grey, Nicholas D"]
[Result "1-0"]
[WhiteElo "2099"]
[BlackElo "1758"]
[PlyCount "79"]
[EventDate "2008.08.16"]
[EventType "swiss"]
[EventRounds "10"]
[EventCountry "ENG"]
[SourceTitle "EXT 2009"]
[Source "ChessBase"]
[SourceDate "2008.11.26"]
[SourceVersion "1"]
[SourceVersionDate "2008.11.26"]
[SourceQuality "1"]

1. d4 Nf6 2. Bg5 Ne4 3. Bh4 c5 4. f3 Qa5+ 5. c3 Nf6 6. d5 d6 7. e4 Nbd7 8. Na3 a6 9. Nc4 Qc7 10. a4 g6 11. Bd3 Bg7 12. f4 0-0 13. Nf3 Rb8 14. a5 b5 15. axb6 Nxb6 16. Na5 Nbxd5 17. exd5 Nxd5 18. Nc4 Nxf4 19. 0-0 d5 20. Ne3 Rxb2 21. Bg3 e5 22. Bxf4 exf4 23. Nxd5 Qa7 24. Bc4 Be6 25. Rxa6 Qb7 26. Ra2 Bxc3 27. Rxb2 Bxb2 28. Qb3 Bxd5 29. Bxd5 Qxb3 30. Bxb3 Rb8 31. Bd5 Rd8 32. Bc4 h6 33. h3 Kg7 34. Re1 Bd4+ 35. Kf1 Rd7 36. Rd1 Kf6 37. Rb1 Be3 38. Rb6+ Kf5 39. Ke1 h5 40. Ra6 1-0